02265nam a22003254a 4500001001200000003000800012006001900020007001500039008004100054010001700095020001500112040002100127035002000148050002900168082001700197100003300214245014600247250001200393260005700405300002400462504005100486505100600537533015201543650002801695650002701723655002901750710001701779856012601796999001701922ebr10075598CaPaEBRm u cr cn|||||||||040616s2005 nyua sb 001 0 eng  z 2004014341 z081440796X aCaPaEBRcCaPaEBR a(OCoLC)5776176214aHF5549.5.P37bR68 2005eb04a658.3/142221 aRothwell, William J.,d1951-10aBeyond training and developmenth[electronic resource] :bthe groundbreaking classic on human performance enhancement /cWilliam J. Rothwell. a2nd ed. aNew York :bAmerican Management Association,cc2005. axxv, 358 p. :bill. aIncludes bibliographical references and index.0 aWhy training is not enough -- What is human performance enhancement (HPE)? -- Transforming a training department into a human performance enhancement (HPE) department -- Analyzing what is happening -- Envisioning what should be happening -- Clarifying present and future performance gaps -- Determining the importance of performance gaps -- Identifying the underlying causes of performance gaps -- Selecting human performance enhancement (HPE) strategies -- Implementing human performance enhancement (HPE) strategies to address organizational environment problems or opportunities -- Implementing human performance enhancement (HPE) strategies to address work environment problems or opportunities -- Implementing human performance enhancement (HPE) strategies to address work problems or opportunities -- Implementing human performance enhancement (HPE) strategies to address worker problems or opportunities -- Evaluating human performance enhancement (HPE) strategies -- What Is the Future of HPE? aElectronic reproduction.bPalo Alto, Calif. :cebrary,d2013.nAvailable via World Wide Web.nAccess may be limited to ebrary affiliated libraries. 0aPerformance technology. 0aPerformance standards. 7aElectronic books.2local2 aebrary, Inc.40uhttp://site.ebrary.com/lib/rucke/Doc?id=10075598zAn electronic book accessible through the World Wide Web; click to view c45640d45640